Negotiating peace/ (Record no. 193605)

MARC details
000 -LEADER
fixed length control field 00527nam a22001817a 4500
005 - DATE AND TIME OF LATEST TRANSACTION
control field 20221104152400.0
010 ## - LCCN (DPL NO)
LC control number ENG-135602
020 ## - INTERNATIONAL STANDARD BOOK NUMBER
Terms of availability 550.00
International Standard Book Number 978-1-5064-6449-7
035 ## - SYSTEM CONTROL NUMBER
System control number EN-119133
037 ## - SOURCE OF ACQUISITION
Source of stock number/acquisition DBAD/PUB
082 ## - DEWEY DECIMAL CLASSIFICATION NUMBER
Classification number 261.873
100 ## - MAIN ENTRY--PERSONAL NAME
Personal name Shimreingam L. Shimray
245 ## - TITLE STATEMENT
Title Negotiating peace/
Remainder of title Shimreingam L. Shimray
260 ## - PUBLICATION, DISTRIBUTION, ETC. (IMPRINT)
Date of publication, distribution, etc 2021
Name of publisher, distributor, etc Theological Publication
Place of publication, distribution, etc Delhi
270 ## - ADDRESS
Address P.O.1585, Kashmiri Gate
City Delhi
Postal code 110006
300 ## - PHYSICAL DESCRIPTION
Extent 200p
Dimensions 22cm(pbk)
942 ## - ADDED ENTRY ELEMENTS (KOHA)
Source of classification or shelving scheme Dewey Decimal Classification
Item type English Books
Call number suffix SHI
Classification part 261.873
Holdings
Withdrawn status Lost status Not for loan Collection code Home library Current library Date acquired Source of acquisition Cost, normal purchase price Full call number Barcode Copy number Cost, replacement price Koha item type
      Non-fiction Peshwa Road Peshwa Road 04/11/2022 DBAD/PUB 550.00 261.873 SHI EN-119133 1 550.00 English Books

© Delhi Public Library
Hit Counter
free hit counter